| 000 | 00498nam a22001697a 4500 | ||
|---|---|---|---|
| 999 |
_c40745 _d40745 |
||
| 003 | OSt | ||
| 005 | 20200606120141.0 | ||
| 008 | 191101b ||||| |||| 00| 0 eng d | ||
| 020 | _a 9788128827709 | ||
| 040 | _cMESKC library | ||
| 082 |
_a891.433 _bVIM/S |
||
| 100 |
_aVimal, Ganga Prashad _944 |
||
| 245 |
_a21 Shresth Kahaniyan / _cGanga Prashad Vimal |
||
| 260 |
_aDelhi : _bNeera Prakashan, _c2013 |
||
| 300 | _a200p | ||
| 942 |
_2ddc _cBK _h891.433 _iVIM/S _k891.433 _mVIM/S |
||